<?xml version="1.0" encoding="UTF-8"?>
<collection xmlns="http://www.loc.gov/MARC21/slim">
 <record>
  <leader>00732nam a2200241   4500</leader>
  <controlfield tag="001">000005614</controlfield>
  <controlfield tag="003">1759</controlfield>
  <controlfield tag="005">20150812140853.0</controlfield>
  <controlfield tag="008">110817s                               sd</controlfield>
  <datafield tag="041" ind1="0" ind2=" ">
   <subfield code="a">16000đ</subfield>
  </datafield>
  <datafield tag="082" ind1="1" ind2=" ">
   <subfield code="a">389.9</subfield>
   <subfield code="b">LEX</subfield>
  </datafield>
  <datafield tag="100" ind1="0" ind2=" ">
   <subfield code="a">Lê Xuân Quang</subfield>
  </datafield>
  <datafield tag="245" ind1="0" ind2="0">
   <subfield code="a">Thần tích Việt Nam</subfield>
   <subfield code="c">Lê Xuân Quang</subfield>
  </datafield>
  <datafield tag="774" ind1=" " ind2=" ">
   <subfield code="a">Lê Xuân Quang</subfield>
   <subfield code="d">Văn hóa - Thông tin</subfield>
   <subfield code="d">H.</subfield>
   <subfield code="d">1995</subfield>
   <subfield code="g">Tập 1</subfield>
   <subfield code="h">210 tr.</subfield>
   <subfield code="t">Phần 1</subfield>
   <subfield code="w">1760</subfield>
  </datafield>
  <datafield tag="774" ind1=" " ind2=" ">
   <subfield code="a">Lê Xuân Quang</subfield>
   <subfield code="d">Văn hóa - Thông tin</subfield>
   <subfield code="d">H.</subfield>
   <subfield code="d">1995</subfield>
   <subfield code="g">Tập 1</subfield>
   <subfield code="h">206 tr.</subfield>
   <subfield code="t">Phần 2</subfield>
   <subfield code="w">1761</subfield>
  </datafield>
  <datafield tag="OWN" ind1=" " ind2=" ">
   <subfield code="a">LSP</subfield>
  </datafield>
  <datafield tag="999" ind1=" " ind2=" ">
   <subfield code="a">From the UDN01</subfield>
  </datafield>
  <datafield tag="TYP" ind1=" " ind2=" ">
   <subfield code="a">Monograph</subfield>
  </datafield>
  <datafield tag="TYP" ind1=" " ind2=" ">
   <subfield code="a">Printed language</subfield>
  </datafield>
  <datafield tag="980" ind1=" " ind2=" ">
   <subfield code="a">Mạng thư viện Đại học Đà Nẵng</subfield>
  </datafield>
 </record>
</collection>
